| 000 | 00808nam a2200265 i 4500 | ||
|---|---|---|---|
| 001 | 85110 | ||
| 003 | SpMaBN | ||
| 005 | 20250812035053.0 | ||
| 008 | 190604s1991 sp a |||| | spa d | ||
| 020 | _a84-7600-889-9 | ||
| 080 | _a7(73) | ||
| 100 | 1 |
_aDiéguez Patao, Sofía. _944584 |
|
| 245 | 1 | 0 |
_aArte norteamericano / _cSofía Diéguez Patao. |
| 260 |
_aTorrejón de Ardoz, Madrid : _bAkal, _c[1991] |
||
| 300 |
_a55 p. : _bil. col. y n. ; _c24 cm. |
||
| 490 | 1 |
_aAkal Las Américas ; _v37 |
|
| 490 | 1 |
_aArte ; _v1 |
|
| 504 | _aBibliografía: p. 55. | ||
| 597 | _aTexto a 2 columnas. | ||
| 650 | 7 |
_aArte norteamericano _2embne _9167245 |
|
| 830 | 0 | 0 |
_aAkal. _pLas Américas _v37 _9231693 |
| 830 | 0 |
_aArte ; _v1 _9178358 |
|
| 852 |
_aES-MaACL _j2340-F-34 |
||
| 999 |
_c85110 _d85110 |
||